Statistics for LeBron James NBA Playoffs

Click here to take the quiz!

General Stats

  • This quiz has been taken 43 times
  • The average score is 35 of 49

Answer Stats

HintAnswer% Correct
2016 NBA Finals, won 4-3Golden State Warriors
90%
2018 NBA Finals, lost 0-4Golden State Warriors
90%
2020 NBA Finals, won 4-2Miami Heat
90%
2007 NBA Finals, lost 0-4San Antonio Spurs
90%
2020 Conference Finals, won 4-1Denver Nuggets
87%
2017 NBA Finals, lost 1-4Golden State Warriors
87%
2014 NBA Finals, lost 1-4San Antonio Spurs
87%
2018 Conference Finals, won 4-3Boston Celtics
85%
2015 NBA Finals, lost 2-4Golden State Warriors
85%
2020 First Round, won 4-1Portland Trail Blazers
85%
2013 NBA Finals, won 4-3San Antonio Spurs
85%
2011 NBA Finals, lost 2-4Dallas Mavericks
79%
2012 NBA Finals, won 4-1Oklahoma City Thunder
79%
2009 Conference Finals, lost 2-4Orlando Magic
79%
2018 Conference Semis, won 4-0Toronto Raptors
79%
2010 Conference Semis, lost 2-4Boston Celtics
77%
2017 Conference Finals, won 4-1Boston Celtics
77%
2020 Conference Semis, won 4-1Houston Rockets
77%
2018 First Round, won 4-3Indiana Pacers
77%
2012 Conference Finals, won 4-3Boston Celtics
74%
2008 Conference Semis, lost 3-4Boston Celtics
74%
2013 Conference Finals, won 4-3Indiana Pacers
74%
2016 Conference Finals, won 4-2Toronto Raptors
74%
2011 Conference Semis, won 4-1Boston Celtics
72%
2017 Conference Semis, won 4-0Toronto Raptors
69%
2016 Conference Semis, won 4-0Atlanta Hawks
67%
2015 Conference Finals, won 4-0Atlanta Hawks
67%
2011 Conference Finals, won 4-1Chicago Bulls
67%
2006 Conference Semis, lost 3-4Detroit Pistons
67%
2007 Conference Finals, won 4-2Detroit Pistons
67%
2012 Conference Semis, won 4-2Indiana Pacers
64%
2016 First Round, won 4-0Detroit Pistons
62%
2014 Conference Finals, won 4-2Indiana Pacers
62%
2017 First Round, won 4-0Indiana Pacers
62%
2007 Conference Semis, won 4-2New Jersey Nets
62%
2011 First Round, won 4-1Philadelphia 76ers
62%
2006 First Round, won 4-2Washington Wizards
62%
2009 Conference Semis, won 4-0Atlanta Hawks
59%
2015 First Round, won 4-0Boston Celtics
59%
2014 Conference Semis, won 4-1Brooklyn Nets
59%
2015 Conference Semis, won 4-2Chicago Bulls
59%
2013 Conference Semis, won 4-1Chicago Bulls
59%
2007 First Round, won 4-0Washington Wizards
59%
2010 First Round, won 4-1Chicago Bulls
56%
2013 First Round, won 4-0Milwaukee Bucks
56%
2012 First Round, won 4-1New York Knicks
56%
2008 First Round, won 4-2Washington Wizards
54%
2009 First Round, won 4-0Detroit Pistons
51%
2014 First Round, won 4-0Charlotte Bobcats
44%

Score Distribution

Percentile by Number Answered

Percent of People with Each Score

Your Score History

You have not taken this quiz